Truyền thông - lý thuyết và kỹ năng cơ bản

Sparad:
Bibliografiska uppgifter
Huvudupphovsman: Nguyễn Văn Dũng
Övriga upphovsmän: Đỗ Thị Thu Hằng
Materialtyp: Bok
Språk:Vietnamese
Publicerad: H. Chính trị Quốc gia 2012
Ämnen:
Taggar: Lägg till en tagg
Inga taggar, Lägg till första taggen!
Thư viện lưu trữ: Mạng thư viện Đại học Đà Nẵng
LEADER 01188nam a2200337 4500
001 000019931
003 16372
005 20141202101234.0
008 141202s2012 viesd
020 |c 52000 
041 0 |a vie 
082 1 4 |a 070.1  |b NG-D 
100 1 |a Nguyễn Văn Dũng 
245 1 0 |a Truyền thông - lý thuyết và kỹ năng cơ bản  |c Nguyễn Văn Dũng (ch.b), Đỗ Thị Thu Hằng 
260 |a H.  |b Chính trị Quốc gia  |c 2012 
300 |a 314 tr.  |c 20 cm. 
500 |a Đầu sách ghi: Học viện báo chí và tuyên truyền 
504 |a Thư mục tr.216-219 
650 0 4 |a Truyền thông  |x Lý thuyết và kĩ năng 
653 |a Truyền thông 
700 1 |a Đỗ Thị Thu Hằng 
OWN |a LSP 
AVA |a UDN50  |b LSP  |d 070.1 NG-D  |e available  |t Error 5001 Not defined in file expand_doc_bib_avail.  |f 10  |g 5  |h N  |i 30  |k 1 
999 |a From the UDN01 
AVA |a UDN50  |b LSP  |d 070.1 NG-D  |e available  |t Error 5001 Not defined in file expand_doc_bib_avail.  |f 10  |g 5  |h N  |i 30  |k 1 
TYP |a Monograph 
TYP |a Printed language 
980 |a Mạng thư viện Đại học Đà Nẵng